Manchester City: Alle Ausscheiden in der Champions League - Statistiken

Allgemein
  • Dieses Quiz wurde 103 mal gespielt
  • Das Durchschnittsergebnis liegt bei 12 aus 16
Antwortstatistiken
Saison Runde Gegner % Korrekt
2023/24 Viertelfinale (A: 3:3, H: 4:5 n.E.) Real Madrid
99%
2021/22 Halbfinale (H: 4:3, A: 1:3 n.V.) Real Madrid
99%
2015/16 Halbfinale (H: 0:0, A: 0:1) Real Madrid
99%
2012/13 Vorrunde (A: 2:3, H: 1:1) Real Madrid
99%
2020/21 Finale (0:1) FC Chelsea
97%
2018/19 Viertelfinale (H: 0:1, A: 0:3) FC Barcelona
93%
2014/15 Achtelfinale (H: 1:2, A: 0:1) FC Barcelona
93%
2013/14 Achtelfinale (H: 0:2, A: 1:2) FC Barcelona
93%
2011/12 Vorrunde (A: 0:2, H: 2:0) Bayern München
90%
2017/18 Viertelfinale (A: 0:3, H: 1:2) FC Liverpool
80%
2012/13 Vorrunde (H: 1:1, A: 0:1) Borussia Dortmund
70%
2019/20 Viertelfinale (1:3) Olympique Lyon
61%
2012/13 Vorrunde (A: 1:3, H: 2:2) Ajax Amsterdam
53%
2016/17 Achtelfinale (H: 5:3, A: 1:3) AS Monaco
40%
2011/12 Vorrunde (H: 1:1, A: 1:2) SSC Neapel
23%
2011/12 Vorrunde (H: 2:1, A: 3:0) FC Villareal
10%
Keine übereinstimmenden Quizze gefunden
Verteilung der Resultate
Anzahl Personen mit jedem Resultat
Perzentil nach korrekt beantworteten Fragen
Ihre Resultats-Entwicklung
Sie haben dieses Quiz noch nicht gespielt